[Event "chess.com SpeedChess 2023"]
[Site "chess.com INT"]
[Date "2023.09.11"]
[Round "1.23"]
[White "Caruana, Fabiano"]
[Black "Abdusattorov, Nodirbek"]
[Result "1-0"]
[WhiteTitle "GM"]
[BlackTitle "GM"]
[WhiteElo "2786"]
[BlackElo "2716"]
[WhiteFideId "2020009"]
[BlackFideId "14204118"]
[EventDate "2023.09.04"]
[EventType "k.o."]

1. e4 e5 2. Nf3 Nc6 3. Bb5 a6 4. Ba4 Nf6 5. d3 d6 6. O-O Be7 7. c4 O-O 8. Nc3
Kh8 9. h3 Nd7 10. Be3 Bf6 11. Nd5 Ne7 12. Rc1 c6 13. Nxf6 Nxf6 14. Re1 c5 15. a3
a5 16. Rb1 b6 17. b4 axb4 18. axb4 Ng6 19. Bc6 Ra7 20. Ra1 Rxa1 21. Qxa1 Nh5 22.
Kh2 Nhf4 23. Rd1 f5 24. exf5 Bxf5 25. bxc5 bxc5 26. Be4 Qc8 27. Ng5 h6 28. Bxf5
Qxf5 29. Ne4 Nxg2 30. Kxg2 Nh4+ 31. Kf1 Qf3 32. Ke1 Qxh3 33. Kd2 Rb8 34. Kc3 Qd7
35. Rb1 Rxb1 36. Qxb1 Kh7 37. Qb8 Qa4 38. Qb3 Qa1+ 39. Qb2 Qa5+ 40. Kb3 Nf3 41.
Qc3 Qb6+ 42. Kc2 Qa6 43. Qb3 Qa1 44. Qc3 Qa2+ 45. Kc1 Ng1 46. Ng3 Qa8 47. Qc2
Qf3 48. d4+ Kh8 49. dxe5 dxe5 50. Kb2 Qb7+ 51. Qb3 Qd7 52. Bxc5 Qd2+ 53. Qc2 Qd7
54. Be3 Nf3 55. c5 Qc6 56. Qc3 Qb5+ 57. Qb3 Qe2+ 58. Ka3 Qa6+ 59. Kb4 Qb7+ 60.
Kc3 Qc7 61. Qb6 Qd7 62. c6 1-0

[Event "chess.com SpeedChess 2023"]
[Site "chess.com INT"]
[Date "2023.09.11"]
[Round "1.24"]
[White "Abdusattorov, Nodirbek"]
[Black "Caruana, Fabiano"]
[Result "0-1"]
[WhiteTitle "GM"]
[BlackTitle "GM"]
[WhiteElo "2716"]
[BlackElo "2786"]
[WhiteFideId "14204118"]
[BlackFideId "2020009"]
[EventDate "2023.09.04"]
[EventType "k.o."]

1. e4 e5 2. Nf3 Nc6 3. Bb5 a6 4. Ba4 Nf6 5. O-O b5 6. Bb3 Bc5 7. d3 d6 8. Be3
O-O 9. a3 h6 10. Nc3 Re8 11. Bxc5 dxc5 12. Nd5 Qd6 13. h3 Rb8 14. a4 Nxd5 15.
Bxd5 Ne7 16. Bb3 c6 17. Kh2 Ng6 18. g3 Re7 19. Qe1 b4 20. Nd2 Qd7 21. g4 Re8 22.
Qe3 Qe7 23. Nc4 Be6 24. Na5 Qd6 25. Bxe6 Rxe6 26. Nb3 Ree8 27. Qxc5 Qf6 28. Qe3
Nf4 29. Rg1 g6 30. Rg3 Kg7 31. Rf3 Rh8 32. a5 h5 33. Rg1 hxg4 34. Rxg4 Rh4 35.
Rxh4 Qxh4 36. d4 Qg5 37. Rg3 Qh5 38. dxe5 Qxe5 39. Qd4 Re8 40. Qxe5+ Rxe5 41.
Re3 c5 42. Nd2 Rg5 43. Rg3 Re5 44. Rf3 g5 45. h4 f6 46. hxg5 fxg5 47. Kg3 c4 48.
Re3 Rxa5 49. Nxc4 Rc5 50. b3 a5 51. Re1 a4 52. Rd1 a3 53. Kg4 Rc7 54. Kxg5 Ne2
55. f4 Ra7 56. e5 a2 57. Ra1 Nd4 58. Ne3 Kf7 59. f5 Ke7 60. Kf4 Ne2+ 61. Ke4
Nc3+ 62. Kd4 Ra5 63. Ng4 Rd5+ 64. Kc4 Rd1 65. Rxa2 Nxa2 66. Ne3 Re1 67. Kd4 Nc3
68. e6 Kf6 69. Kd3 Rh1 70. Kc4 Re1 71. Kd4 Rh1 72. Kc5 Rh4 73. Kd6 Rd4+ 74. Kc5
Re4 75. Nc4 Re1 76. Kxb4 Nd5+ 77. Kc5 Ne7 78. Nd6 Nxf5 79. Nc4 Kxe6 80. b4 Ne3
81. Na5 Nxc2 82. b5 Re5+ 83. Kc4 Na3+ 84. Kb4 Nxb5 85. Nc6 Rh5 0-1

[Event "chess.com SpeedChess 2023"]
[Site "chess.com INT"]
[Date "2023.09.12"]
[Round "1.1"]
[White "Carlsen, Magnus"]
[Black "Vidit, Santosh Gujrathi"]
[Result "1-0"]
[WhiteTitle "GM"]
[BlackTitle "GM"]
[WhiteElo "2839"]
[BlackElo "2716"]
[WhiteFideId "1503014"]
[BlackFideId "5029465"]
[EventDate "2023.09.04"]
[EventType "k.o."]

1. e4 e5 2. Nf3 Nc6 3. Bb5 Nf6 4. d3 Bc5 5. Bxc6 dxc6 6. Qe2 Qd6 7. h3 a5 8.
Nbd2 Be6 9. Ng5 a4 10. O-O Nd7 11. Nxe6 Qxe6 12. Nf3 O-O 13. c3 Rfe8 14. Re1 b5
15. d4 Bb6 16. Bg5 h6 17. Bh4 exd4 18. cxd4 Ba5 19. Rec1 Qxe4 20. Qxe4 Rxe4 21.
Rxc6 Re2 22. Rb1 b4 23. Kf1 Re4 24. Bg3 Ra7 25. Rbc1 Nb8 26. R6c4 Na6 27. Ne5 c5
28. Nc6 Rd7 29. Nxa5 Rexd4 30. Rxd4 Rxd4 31. Ke2 1-0

[Event "chess.com SpeedChess 2023"]
[Site "chess.com INT"]
[Date "2023.09.12"]
[Round "1.2"]
[White "Vidit, Santosh Gujrathi"]
[Black "Carlsen, Magnus"]
[Result "1/2-1/2"]
[WhiteTitle "GM"]
[BlackTitle "GM"]
[WhiteElo "2716"]
[BlackElo "2839"]
[WhiteFideId "5029465"]
[BlackFideId "1503014"]
[EventDate "2023.09.04"]
[EventType "k.o."]

1. e4 c5 2. Nf3 d6 3. d4 cxd4 4. Nxd4 Nf6 5. Nc3 a6 6. Bg5 e6 7. Qf3 Be7 8.
O-O-O Qc7 9. a3 Nc6 10. Qg3 Bd7 11. f4 h6 12. Bxf6 Bxf6 13. Nb3 O-O-O 14. Kb1
Kb8 15. Qe3 Rc8 16. Be2 Rhd8 17. Rd3 Na7 18. Nd4 Bb5 19. Rd2 Be8 20. Rhd1 Qb6
21. Rd3 Ka8 22. Qd2 Rd7 23. Nb3 Be7 24. Na4 Qd8 25. Qe3 Rc6 26. Nd4 Rc8 27. f5
e5 28. Nb3 Rc6 29. Rd5 Nc8 30. Nc3 Rdc7 31. R5d3 Rd7 32. Nd5 Nb6 33. Nxe7 Qxe7
34. Na5 Rc5 35. Nb3 Rc6 36. Qd2 Nc4 37. Qe1 Rdc7 38. Bf3 Rb6 39. Rc3 Ba4 40. Be2
Bb5 41. Bxc4 Rxc4 42. Rxc4 Bxc4 43. Na5 Bb5 44. Qc3 Ka7 45. Qe3 Qc7 46. Rd5 Kb8
47. b3 f6 48. Rd2 Be8 49. Nc4 Rc6 50. Qd3 Qe7 51. Nxd6 Rc7 52. Nxe8 Qxe8 53.
Qd8+ Qxd8 54. Rxd8+ Ka7 55. c4 b5 56. cxb5 axb5 57. Kb2 Kb6 58. Rd6+ Kb7 59. Rd5
Kb6 60. g4 Ka6 61. h4 Kb6 62. g5 hxg5 63. hxg5 fxg5 64. Rxe5 g4 65. Re6+ Rc6 66.
Re7 g6 67. Rg7 gxf5 68. exf5 Rc5 69. f6 Rf5 70. f7 g3 71. Rxg3 Rxf7 72. Kc3 Rf4
73. Re3 b4+ 74. axb4 Rh4 75. Rd3 Kb5 76. Rd5+ Kb6 77. b5 Rg4 78. Re5 Rh4 79. b4
Rh1 80. Kc4 Rc1+ 81. Kb3 Rb1+ 82. Kc4 Rc1+ 83. Kb3 Rb1+ 84. Kc4 Rc1+ 1/2-1/2

[Event "chess.com SpeedChess 2023"]
[Site "chess.com INT"]
[Date "2023.09.12"]
[Round "1.3"]
[White "Carlsen, Magnus"]
[Black "Vidit, Santosh Gujrathi"]
[Result "0-1"]
[WhiteTitle "GM"]
[BlackTitle "GM"]
[WhiteElo "2839"]
[BlackElo "2716"]
[WhiteFideId "1503014"]
[BlackFideId "5029465"]
[EventDate "2023.09.04"]
[EventType "k.o."]

1. e4 e5 2. Nf3 Nc6 3. Bb5 Nf6 4. d3 Bc5 5. Ba4 d6 6. O-O O-O 7. c3 Ne7 8. Re1
Bb6 9. h3 Ng6 10. Nbd2 c6 11. d4 Re8 12. Bc2 Bc7 13. a4 h6 14. Nf1 d5 15. exd5
e4 16. d6 Qxd6 17. N3d2 Bf5 18. Nc4 Qd7 19. Re3 b5 20. axb5 cxb5 21. Ne5 Nxe5
22. dxe5 Qxd1 23. Bxd1 Bxe5 24. Re1 a5 25. Bd2 Nd5 26. Bb3 Nb6 27. Be3 Bc7 28.
Ng3 Bg6 29. Rad1 a4 30. Ba2 Rad8 31. Rxd8 Rxd8 32. Nxe4 Bxe4 33. Bxb6 Bxb6 34.
Rxe4 Rd2 35. Rf4 Rd1+ 36. Kh2 Bc7 0-1

[Event "chess.com SpeedChess 2023"]
[Site "chess.com INT"]
[Date "2023.09.12"]
[Round "1.4"]
[White "Vidit, Santosh Gujrathi"]
[Black "Carlsen, Magnus"]
[Result "0-1"]
[WhiteTitle "GM"]
[BlackTitle "GM"]
[WhiteElo "2716"]
[BlackElo "2839"]
[WhiteFideId "5029465"]
[BlackFideId "1503014"]
[EventDate "2023.09.04"]
[EventType "k.o."]

1. e4 e5 2. Nf3 Nc6 3. Bb5 Nf6 4. d3 d6 5. c3 a6 6. Ba4 g6 7. O-O Bg7 8. Re1 O-O
9. h3 Nb8 10. d4 Nbd7 11. Nbd2 b5 12. Bc2 Bb7 13. Nf1 Re8 14. Ng3 a5 15. Bd3 b4
16. Bg5 h6 17. Bd2 c5 18. d5 Ba6 19. Bxa6 Rxa6 20. a3 bxc3 21. bxc3 c4 22. Qe2
Nc5 23. Qxc4 a4 24. Be3 Qa8 25. Bxc5 Rc8 26. Qd3 Rxc5 27. Rab1 Nd7 28. Rb4 Rc8
29. Reb1 Nc5 30. Qc2 h5 31. Nf1 Bh6 32. N1d2 Kg7 33. Nc4 Qa7 34. Rb6 Rxb6 35.
Nxb6 Rb8 36. Nc4 Rxb1+ 37. Qxb1 Qa6 38. Nfd2 Bxd2 39. Nxd2 Qe2 40. Nf1 Nxe4 41.
Qb6 Qd1 42. Qe3 Qxd5 43. f3 Nc5 44. Nd2 h4 45. c4 Qd4 46. Qxd4 exd4 47. f4 Kf6
48. Nf3 Kf5 49. Nxd4+ Kxf4 50. Nb5 Ne4 51. Kf1 Ke3 52. Ke1 Kd3 0-1

[Event "chess.com SpeedChess 2023"]
[Site "chess.com INT"]
[Date "2023.09.12"]
[Round "1.5"]
[White "Carlsen, Magnus"]
[Black "Vidit, Santosh Gujrathi"]
[Result "1-0"]
[WhiteTitle "GM"]
[BlackTitle "GM"]
[WhiteElo "2839"]
[BlackElo "2716"]
[WhiteFideId "1503014"]
[BlackFideId "5029465"]
[EventDate "2023.09.04"]
[EventType "k.o."]

1. d4 Nf6 2. Bf4 d5 3. e3 c5 4. c3 Nc6 5. Nd2 Bf5 6. Ngf3 e6 7. Qb3 Qc8 8. Nh4
Bg6 9. Nxg6 hxg6 10. h3 Be7 11. Be2 c4 12. Qc2 b5 13. e4 a5 14. Bf3 b4 15. O-O
a4 16. a3 bxa3 17. bxa3 O-O 18. Rfe1 Qd7 19. exd5 exd5 20. Nf1 Na5 21. Ne3 Nb3
22. Ra2 Ra5 23. Bg5 Re8 24. h4 Nh7 25. Bxe7 Rxe7 26. Qd1 Nf6 27. Rae2 Re6 28.
Ng4 Raa6 29. Re5 Qe7 30. h5 gxh5 31. Nxf6+ gxf6 32. Rxe6 Rxe6 33. Rxe6 fxe6 34.
Bxh5 f5 35. Qe1 Kg7 36. Qe5+ Qf6 37. Qg3+ Kh6 38. Be8 Nc1 39. Qe3+ Qg5 40. Qxe6+
Kg7 41. Bxa4 f4 42. Bd1 Na2 43. Qe1 Qf5 44. Bf3 Kf6 45. a4 Qe6 46. Qd2 1-0

[Event "chess.com SpeedChess 2023"]
[Site "chess.com INT"]
[Date "2023.09.12"]
[Round "1.6"]
[White "Vidit, Santosh Gujrathi"]
[Black "Carlsen, Magnus"]
[Result "0-1"]
[WhiteTitle "GM"]
[BlackTitle "GM"]
[WhiteElo "2716"]
[BlackElo "2839"]
[WhiteFideId "5029465"]
[BlackFideId "1503014"]
[EventDate "2023.09.04"]
[EventType "k.o."]

1. e4 c5 2. Nf3 Nc6 3. Bb5 g6 4. O-O Bg7 5. Bxc6 dxc6 6. d3 Qc7 7. h3 e5 8. Be3
b6 9. a3 a5 10. Nbd2 Nf6 11. b4 cxb4 12. axb4 a4 13. c4 b5 14. cxb5 cxb5 15. Rc1
Qb8 16. Qc2 O-O 17. Qc7 Qxc7 18. Rxc7 Rd8 19. Nxe5 Nxe4 20. Nxe4 Bxe5 21. Rc5
Bb2 22. Bc1 Bd4 23. Rxb5 a3 24. Bg5 Ba6 25. Bxd8 Bxb5 26. Bf6 Bb2 27. Rd1 Bc6
28. Bxb2 axb2 29. Nc3 Ra1 30. Rf1 Rc1 0-1

[Event "chess.com SpeedChess 2023"]
[Site "chess.com INT"]
[Date "2023.09.12"]
[Round "1.7"]
[White "Vidit, Santosh Gujrathi"]
[Black "Carlsen, Magnus"]
[Result "1/2-1/2"]
[WhiteTitle "GM"]
[BlackTitle "GM"]
[WhiteElo "2716"]
[BlackElo "2839"]
[WhiteFideId "5029465"]
[BlackFideId "1503014"]
[EventDate "2023.09.04"]
[EventType "k.o."]

1. d4 d5 2. c4 c6 3. Nf3 e6 4. Nbd2 Nf6 5. g3 c5 6. cxd5 exd5 7. Bg2 Nc6 8. dxc5
Bxc5 9. O-O O-O 10. Nb3 Bb6 11. Nbd4 Re8 12. b3 Nxd4 13. Nxd4 Ne4 14. Bb2 h5 15.
e3 h4 16. Qh5 h3 17. Bh1 Nf6 18. Qh4 Ne4 19. Qxd8 Rxd8 20. Rfd1 Bd7 21. Rac1
Rac8 22. Bf3 g5 23. g4 Bxd4 24. Bxd4 f5 25. gxf5 Bxf5 26. Be2 g4 27. Kf1 Kf7 28.
Ke1 Ke6 29. a4 a6 30. Bb6 Rg8 31. Bc7 Ng5 32. Bf4 Nf3+ 33. Bxf3 gxf3 34. Kd2 Be4
35. Rxc8 Rxc8 36. Rc1 Rxc1 37. Kxc1 1/2-1/2

[Event "chess.com SpeedChess 2023"]
[Site "chess.com INT"]
[Date "2023.09.12"]
[Round "1.8"]
[White "Carlsen, Magnus"]
[Black "Vidit, Santosh Gujrathi"]
[Result "1-0"]
[WhiteTitle "GM"]
[BlackTitle "GM"]
[WhiteElo "2839"]
[BlackElo "2716"]
[WhiteFideId "1503014"]
[BlackFideId "5029465"]
[EventDate "2023.09.04"]
[EventType "k.o."]

1. c4 e5 2. g3 Nf6 3. Bg2 c6 4. d4 e4 5. a3 d5 6. Nc3 h6 7. f3 exf3 8. Nxf3 Be7
9. O-O O-O 10. Nh4 dxc4 11. e4 Bg4 12. Qd2 Nbd7 13. h3 Bh5 14. Nf5 Bg6 15. Qe2
c5 16. e5 Nh5 17. Nd5 Bxf5 18. Qxh5 Bg6 19. Qg4 cxd4 20. e6 Nf6 21. exf7+ Kh7
22. Qxd4 Rc8 23. Be3 Nxd5 24. Qxd5 Qxd5 25. Bxd5 Bc5 26. Rae1 b5 27. h4 Bd3 28.
Bxc5 Rxc5 29. Re8 Rxd5 30. Rxf8 Bxf1 31. Rh8+ Kxh8 32. f8=Q+ Kh7 33. Kxf1 1-0

[Event "chess.com SpeedChess 2023"]
[Site "chess.com INT"]
[Date "2023.09.12"]
[Round "1.9"]
[White "Vidit, Santosh Gujrathi"]
[Black "Carlsen, Magnus"]
[Result "1-0"]
[WhiteTitle "GM"]
[BlackTitle "GM"]
[WhiteElo "2716"]
[BlackElo "2839"]
[WhiteFideId "5029465"]
[BlackFideId "1503014"]
[EventDate "2023.09.04"]
[EventType "k.o."]

1. d4 Nf6 2. c4 g6 3. Nc3 Bg7 4. e4 d6 5. Nf3 O-O 6. Be2 e5 7. O-O Na6 8. Be3
Qe7 9. Bg5 exd4 10. Nxd4 c6 11. Re1 h6 12. Bh4 g5 13. Bg3 Nxe4 14. Bf3 Nxc3 15.
Rxe7 Nxd1 16. Rxd1 Bf6 17. Ree1 Rd8 18. h3 Nb4 19. a3 Na6 20. b4 Nc7 21. b5 c5
22. Nb3 Be6 23. Rxd6 Rxd6 24. Bxd6 Ne8 25. Bxc5 Bxc4 26. Bxb7 Rd8 27. Bc6 Nd6
28. Na5 Bxb5 29. Rd1 Ne4 30. Rxd8+ Bxd8 31. Bxe4 Bxa5 32. Bxa7 Bd7 33. g4 Bc3
34. Kg2 Kg7 35. Kf3 h5 36. Bc5 hxg4+ 37. hxg4 Ba4 38. Ke3 f6 39. f3 Kf7 40. Bb4
Bb2 41. Bd5+ Ke8 42. Kd3 Kd7 43. Kd2 Be5 44. Bc3 Kd6 45. Be4 Kc5 46. Bxe5 fxe5
47. Kc3 Bd1 48. Kd2 Ba4 49. Bc2 Bc6 50. Ke3 Kc4 51. a4 Kb4 52. Bd1 Bb7 53. Kd3
Bd5 54. Ke3 Bc6 55. Bc2 Bd5 56. Be4 Bb3 57. Bc6 Bc2 58. Kd2 Bg6 59. Bb5 Bf7 60.
Kd3 Bg6+ 61. Ke3 Bc2 62. Bd7 Bb3 63. Ke4 Bd1 64. Bc6 Kc5 65. Bb7 Bxa4 66. Kxe5
Bd1 67. Kf6 1-0

[Event "chess.com SpeedChess 2023"]
[Site "chess.com INT"]
[Date "2023.09.12"]
[Round "1.10"]
[White "Carlsen, Magnus"]
[Black "Vidit, Santosh Gujrathi"]
[Result "0-1"]
[WhiteTitle "GM"]
[BlackTitle "GM"]
[WhiteElo "2839"]
[BlackElo "2716"]
[WhiteFideId "1503014"]
[BlackFideId "5029465"]
[EventDate "2023.09.04"]
[EventType "k.o."]

1. d4 Nf6 2. Nf3 d5 3. g3 Bf5 4. c4 e6 5. Nc3 h6 6. Bg2 c6 7. Qb3 Qb6 8. c5 Qa6
9. Bf1 b5 10. Bf4 Nbd7 11. Bg2 Qb7 12. O-O a5 13. Rfc1 Be7 14. Nd2 a4 15. Qb4
Nb8 16. Nd1 Na6 17. Qc3 b4 18. Qe3 O-O 19. f3 Rfd8 20. g4 Bh7 21. Nf2 Nd7 22.
Nf1 Re8 23. Qd2 e5 24. dxe5 Naxc5 25. Bg3 a3 26. b3 Bf8 27. f4 f6 28. Ne3 Kh8
29. exf6 Nxf6 30. Qd4 Nce4 31. Nxe4 Nxe4 32. Nf5 Qd7 33. Qd3 Rad8 34. Bf3 c5 35.
Kg2 Qe6 36. Rd1 Bxf5 37. gxf5 Qxf5 38. Bh4 Rd6 39. Bg3 Red8 40. Rac1 Qe6 41. Qc2
Nc3 42. Rd3 d4 43. Re1 Qe8 44. e4 Re6 45. e5 Qf7 46. Rd2 Ree8 47. f5 Nd5 48. e6
Qf6 49. Bxd5 Rxd5 50. Rf1 d3 51. Rxd3 Rxf5 52. Rdf3 Rxf3 53. Rxf3 Qxe6 54. Qf2
Be7 55. Re3 Qc6+ 56. Qf3 Qxf3+ 57. Kxf3 Rf8+ 58. Ke4 Bf6 59. Kd5 Bd4 60. Re2 Kg8
61. Bd6 Rf5+ 62. Kc4 Kf7 63. Re7+ Kf6 64. Re2 g5 65. Be7+ Kf7 66. Bd6 h5 67.
Re7+ Kg6 68. Re6+ Rf6 69. Re7 Rxd6 0-1

[Event "chess.com SpeedChess 2023"]
[Site "chess.com INT"]
[Date "2023.09.12"]
[Round "1.11"]
[White "Vidit, Santosh Gujrathi"]
[Black "Carlsen, Magnus"]
[Result "0-1"]
[WhiteTitle "GM"]
[BlackTitle "GM"]
[WhiteElo "2716"]
[BlackElo "2839"]
[WhiteFideId "5029465"]
[BlackFideId "1503014"]
[EventDate "2023.09.04"]
[EventType "k.o."]

1. d4 Nf6 2. c4 e6 3. Nc3 d5 4. cxd5 exd5 5. Bg5 Be7 6. e3 h6 7. Bh4 Bg4 8. Qc2
O-O 9. h3 Be6 10. Bd3 Ne8 11. Bxe7 Qxe7 12. Nge2 Nd6 13. Nf4 c6 14. O-O Nd7 15.
Rae1 Rae8 16. f3 Qh4 17. Qf2 Qxf2+ 18. Kxf2 g5 19. Nfe2 f5 20. h4 Kg7 21. Rh1
Nf6 22. hxg5 hxg5 23. Ng3 Nfe4+ 24. Bxe4 fxe4 25. Rh5 exf3 26. gxf3 Kg6 27. Reh1
Nf7 28. Nce2 Rh8 29. Rxh8 Rxh8 30. Rxh8 Nxh8 31. Nc1 Nf7 32. Nd3 Kf6 33. b3 b6
34. e4 dxe4 35. Nxe4+ Kf5 36. Ng3+ Kf6 37. Ne4+ Kf5 38. Ke3 Bd5 39. Nb4 Ke6 40.
Nxd5 cxd5 41. Ng3 Nd6 42. Kd3 Nf5 43. Ne2 a5 44. Nc3 Kd6 45. Nb5+ Kc6 46. Na7+
Kd7 47. Nb5 Nh4 48. Ke3 Ng2+ 49. Kf2 Nf4 50. Nc3 Ke6 51. Ke3 Kf5 52. Kf2 Nd3+
53. Ke3 Nb4 54. Kd2 Kf4 55. Ke2 Kg3 56. a3 Nc2 57. Kd3 Nxa3 58. Nxd5 Kxf3 59.
Nxb6 g4 60. Nd7 g3 61. Ne5+ Kf2 62. Ng4+ Ke1 63. Ne3 Nb5 64. d5 Nd6 65. Ng2+ Kf2
66. Nf4 Kf3 67. Ne2 g2 68. Ng1+ Kf2 69. Nh3+ Kg3 70. Ng1 Kf2 71. Nh3+ Kf1 72.
Kd4 Nf7 73. Ke3 Ng5 0-1

[Event "chess.com SpeedChess 2023"]
[Site "chess.com INT"]
[Date "2023.09.12"]
[Round "1.12"]
[White "Carlsen, Magnus"]
[Black "Vidit, Santosh Gujrathi"]
[Result "1/2-1/2"]
[WhiteTitle "GM"]
[BlackTitle "GM"]
[WhiteElo "2839"]
[BlackElo "2716"]
[WhiteFideId "1503014"]
[BlackFideId "5029465"]
[EventDate "2023.09.04"]
[EventType "k.o."]

1. e4 e5 2. Nf3 Nc6 3. Bb5 Nf6 4. O-O Nxe4 5. Re1 Nd6 6. Nxe5 Be7 7. Bf1 Nxe5 8.
Rxe5 O-O 9. d4 Bf6 10. Re1 Re8 11. c3 Rxe1 12. Qxe1 Ne8 13. a4 a5 14. Bf4 d5 15.
Nd2 Bf5 16. Qd1 Bg5 17. Bxg5 Qxg5 18. Nf3 Qe7 19. Qb3 c6 20. Re1 Qc7 21. Qa3 Nd6
22. b3 Be4 23. Nd2 Bg6 24. c4 Nf5 25. cxd5 cxd5 26. Nf3 Bh5 27. Bd3 Nd6 28. Qc5
Rc8 29. Qxd5 Bxf3 30. Qxf3 Qc3 31. Re3 Qxd4 32. g3 g6 33. Kg2 Kg7 34. Bf1 Qf6
35. Rd3 Qxf3+ 36. Kxf3 Rc6 37. Rd5 b6 38. Bd3 Nb7 39. Ke3 Nc5 40. Bc4 Kf6 41. f4
Ke7 42. Kd4 Ne6+ 43. Kc3 Nc5 44. g4 Ne6 45. f5 Nc5 46. h4 h6 47. fxg6 fxg6 48.
h5 gxh5 49. gxh5 Rf6 50. Kd4 Rf4+ 51. Ke3 Rh4 52. Rf5 Rh3+ 53. Kf4 Nxb3 54. Rf7+
Ke8 55. Bxb3 Rxb3 56. Rf6 Rb4+ 57. Ke5 Rxa4 58. Rxb6 Rh4 59. Rxh6 Kf7 60. Rh7+
Kg8 61. Ra7 Rxh5+ 62. Kd6 Rh6+ 63. Kc5 Rh5+ 64. Kc4 a4 65. Rxa4 Rh4+ 66. Kb3
Rxa4 67. Kxa4 1/2-1/2

[Event "chess.com SpeedChess 2023"]
[Site "chess.com INT"]
[Date "2023.09.12"]
[Round "1.13"]
[White "Vidit, Santosh Gujrathi"]
[Black "Carlsen, Magnus"]
[Result "1/2-1/2"]
[WhiteTitle "GM"]
[BlackTitle "GM"]
[WhiteElo "2716"]
[BlackElo "2839"]
[WhiteFideId "5029465"]
[BlackFideId "1503014"]
[EventDate "2023.09.04"]
[EventType "k.o."]

1. d4 d5 2. c4 c6 3. Nf3 e6 4. Qc2 Nf6 5. Bg5 Be7 6. e3 h6 7. Bh4 O-O 8. Nc3
Nbd7 9. a3 b6 10. cxd5 cxd5 11. Bd3 Bb7 12. O-O Rc8 13. Rfc1 Ne4 14. Bxe7 Qxe7
15. Qb3 Nxc3 16. Rxc3 Rxc3 17. Qxc3 Rc8 18. Qd2 Qd8 19. Rc1 Rxc1+ 20. Qxc1 Qc8
21. Qxc8+ Bxc8 22. Ne5 Nb8 23. h4 f6 24. Ng6 Kf7 25. h5 Ba6 26. Bxa6 Nxa6 27.
Kf1 Nb8 28. Ke2 Nc6 29. Nf4 Ne7 30. Nd3 Nc6 31. Nf4 Ne7 32. Nd3 Nc6 33. Nf4 1/2-1/2

[Event "chess.com SpeedChess 2023"]
[Site "chess.com INT"]
[Date "2023.09.12"]
[Round "1.14"]
[White "Carlsen, Magnus"]
[Black "Vidit, Santosh Gujrathi"]
[Result "1-0"]
[WhiteTitle "GM"]
[BlackTitle "GM"]
[WhiteElo "2839"]
[BlackElo "2716"]
[WhiteFideId "1503014"]
[BlackFideId "5029465"]
[EventDate "2023.09.04"]
[EventType "k.o."]

1. e4 e5 2. Nf3 Nc6 3. Bc4 Bc5 4. d3 d6 5. Nc3 Na5 6. Bb3 Nf6 7. Na4 Bb6 8. Nxb6
axb6 9. Ba4+ Bd7 10. Bxd7+ Qxd7 11. b4 Nc6 12. b5 Ne7 13. a4 O-O 14. O-O Ng6 15.
Re1 d5 16. exd5 Qxd5 17. c4 Qe6 18. Bb2 Nd7 19. Rc1 Qd6 20. h4 Rfe8 21. g3 f6
22. h5 Ngf8 23. d4 exd4 24. Rxe8 Rxe8 25. Nxd4 Ne6 26. Nf5 Qxd1+ 27. Rxd1 Nec5
28. h6 g6 29. Ne3 Kf7 30. Nd5 c6 31. Ne3 Ne5 32. Bxe5 fxe5 33. Kg2 Ke6 34. Rb1
Nxa4 35. Rb4 Ra8 36. Kf3 Ra5 37. Ng4 cxb5 38. cxb5 Nc3 39. Rc4 Nxb5 40. Rc8 Nd4+
41. Kg2 b5 42. Rh8 b4 43. Rxh7 Rb5 44. Rg7 1-0

[Event "chess.com SpeedChess 2023"]
[Site "chess.com INT"]
[Date "2023.09.12"]
[Round "1.15"]
[White "Vidit, Santosh Gujrathi"]
[Black "Carlsen, Magnus"]
[Result "1-0"]
[WhiteTitle "GM"]
[BlackTitle "GM"]
[WhiteElo "2716"]
[BlackElo "2839"]
[WhiteFideId "5029465"]
[BlackFideId "1503014"]
[EventDate "2023.09.04"]
[EventType "k.o."]

1. e4 e6 2. d4 d5 3. Nc3 Nc6 4. Nf3 Nf6 5. e5 Ne4 6. Bd3 Bb4 7. Bd2 Nxd2 8. Qxd2
h6 9. a3 Be7 10. h4 b6 11. Ne2 Na5 12. Qf4 c5 13. c3 c4 14. Bc2 Bd7 15. h5 Qc7
16. Rh3 Bc6 17. Qg4 Bf8 18. Nh4 Nb3 19. Rd1 O-O-O 20. f4 Kb8 21. f5 Bd7 22. Nf4
Be7 23. fxe6 fxe6 24. Nhg6 Rhe8 25. Rf3 Bg5 26. Nh3 Bc1 27. Bxb3 Bxb2 28. Bc2
Bxa3 29. Ra1 Bb2 30. Ra2 Bxc3+ 31. Rxc3 b5 32. Rca3 Bc6 33. Rxa7 Qb6 34. R2a6
Qxa7 35. Rxa7 Kxa7 36. Ngf4 b4 37. Nxe6 Bd7 38. Qxg7 Rxe6 39. Bf5 Rb6 40. Qe7 b3
41. Kd2 b2 42. Bb1 c3+ 43. Kxc3 Rc8+ 44. Kd2 Rb7 45. e6 Bb5 46. Qa3+ Ba6 47. Nf4
Rc1 48. Bd3 Ra1 49. Qc5+ Kb8 50. e7 Bb5 51. Bxb5 Rd1+ 52. Ke3 Re1+ 53. Ne2 Rxe7+
54. Qxe7 b1=Q 55. Qd6+ Kb7 56. Qxd5+ Kc7 57. Qc6+ Kb8 58. Qb6+ Kc8 59. Ba6+ Kd7
60. Qxb1 Rxb1 61. Bd3 Ra1 62. g4 Ke6 63. Bf5+ Kf6 64. Ng3 Kg5 65. Ne4+ Kh4 66.
d5 Rd1 67. d6 Rd5 68. d7 1-0

[Event "chess.com SpeedChess 2023"]
[Site "chess.com INT"]
[Date "2023.09.12"]
[Round "1.16"]
[White "Carlsen, Magnus"]
[Black "Vidit, Santosh Gujrathi"]
[Result "1/2-1/2"]
[WhiteTitle "GM"]
[BlackTitle "GM"]
[WhiteElo "2839"]
[BlackElo "2716"]
[WhiteFideId "1503014"]
[BlackFideId "5029465"]
[EventDate "2023.09.04"]
[EventType "k.o."]

1. d4 Nf6 2. Bf4 d5 3. e3 c5 4. c3 Nc6 5. Nd2 Qb6 6. Qb3 c4 7. Qc2 g6 8. h3 Bf5
9. Qc1 Qd8 10. Ngf3 Bg7 11. Be2 O-O 12. O-O b5 13. Ne5 Qc8 14. Bf3 Rd8 15. Re1
h5 16. a4 a6 17. Nxc6 Qxc6 18. Be5 Rac8 19. axb5 axb5 20. Bxf6 Qxf6 21. e4 dxe4
22. Bxe4 Bd7 23. Nf3 Qd6 24. Ra7 Rc7 25. Qa1 Rxa7 26. Qxa7 Bf6 27. Ra1 Kg7 28.
Qa6 Qc7 29. Qa5 Qxa5 30. Rxa5 g5 31. g3 g4 32. hxg4 hxg4 33. Ne1 e5 34. dxe5
Bxe5 35. Nc2 f5 36. Bd5 f4 37. Ra7 Kf6 38. Ra6+ Ke7 39. gxf4 Bxf4 40. Nd4 Bc1
41. Bc6 Bxb2 42. Nxb5 Bxc6 43. Rxc6 Rd5 44. Nc7 Rd1+ 45. Kg2 Bxc3 46. Rxc4 Be5
47. Na6 g3 48. fxg3 Rd3 49. g4 Rd6 50. Nb4 Ke6 51. Kf3 Rd4 52. Rxd4 Bxd4 53. Ke4
Bc3 54. Nd3 Kf6 55. Nf4 Kg5 56. Kf3 Ba1 57. Nh3+ Kh4 58. Nf2 Kg5 59. Ne4+ Kg6
60. Kf4 Bb2 61. Kg3 Be5+ 62. Kf3 Bd4 63. Ke2 Be5 64. Kd3 Bf4 65. Kc4 Be3 66. Kd5
Bf4 67. Ke6 Be3 68. Ke5 Bc1 69. Kd4 Bf4 70. Kd3 Be5 71. Ke2 Bc7 72. Kf1 Bb8 73.
Kg1 Ba7+ 74. Kg2 Bb8 75. Kh3 Ba7 76. Nd2 Bb8 77. Nf3 Bd6 78. Kh4 Be7+ 79. Kg3
Bd6+ 80. Kf2 Bc7 81. Ke3 Bb6+ 82. Ke4 Bc7 83. Nd4 Kg5 84. Ne6+ Kxg4 1/2-1/2